000
00264nam a22001217a 4500
008
170607b xxu||||| |||| 00| 0 eng d
041
_a
eng
080
_2
2ND
_a
327
100
_a
18
101
_a
SHP
245
_a
AMERICAN DEMOCRACY
_c
EBENSTEIN,W
942
_2
udc
_c
BK
999
_c
16255
_d
16255